Estimators piping man-hour manual (Record no. 101860)

MARC details
000 -LEADER
fixed length control field 00814cam a2200265 4500
008 - FIXED-LENGTH DATA ELEMENTS--GENERAL INFORMATION
fixed length control field 020125n1999 000 0 eng u
020 ## - INTERNATIONAL STANDARD BOOK NUMBER
International Standard Book Number 0884152596
035 ## - SYSTEM CONTROL NUMBER
System control number (Sirsi) u116473
041 ## - LANGUAGE CODE
Language code of text/sound track or separate title eng.
050 ## - LIBRARY OF CONGRESS CALL NUMBER
Classification number 696.2
100 ## - MAIN ENTRY--PERSONAL NAME
Personal name Page, J.
245 ## - TITLE STATEMENT
Title Estimators piping man-hour manual
250 ## - EDITION STATEMENT
Edition statement 5th ed.
260 ## - PUBLICATION, DISTRIBUTION, ETC.
Place of publication, distribution, etc. Woburn
Name of publisher, distributor, etc. Butterworth Heinemann
Date of publication, distribution, etc. 1999
300 ## - PHYSICAL DESCRIPTION
Extent xvi,248p.
Other physical details ill
Dimensions 24cm.
350 ## - PRICE (NR) (BK AM CF MU VM SE) [OBSOLETE]
Price 55
520 ## - SUMMARY, ETC.
Summary, etc. In addition to piping estimating data this manual includes installation of pneumatic mechanical instrumentation used in monitoring various process systems.
650 ## - SUBJECT ADDED ENTRY--TOPICAL TERM
Topical term or geographic name entry element PIPING
650 ## - SUBJECT ADDED ENTRY--TOPICAL TERM
Topical term or geographic name entry element ESTIMATING
650 ## - SUBJECT ADDED ENTRY--TOPICAL TERM
Topical term or geographic name entry element BUILT ENVIRONMENT-BUILDING COSTS
650 ## - SUBJECT ADDED ENTRY--TOPICAL TERM
Topical term or geographic name entry element CIVIL ENGINEERING
650 ## - SUBJECT ADDED ENTRY--TOPICAL TERM
Topical term or geographic name entry element PIPES
690 ## - LOCAL SUBJECT ADDED ENTRY--TOPICAL TERM (OCLC, RLIN)
Topical term or geographic name as entry element BUILT ENVIRONMENT-BUILDING COSTS
942 ## - ADDED ENTRY ELEMENTS (KOHA)
Suppress in OPAC 0
Holdings
Withdrawn status Lost status Source of classification or shelving scheme Damaged status Not for loan Home library Current library Shelving location Date acquired Cost, normal purchase price Total Checkouts Full call number Barcode Date last seen Date last checked out Copy number Cost, replacement price Price effective from Koha item type
    Dewey Decimal Classification     London London Books 16/09/2002 46.75 5 696.2 PAG 30066198 06/08/2019 10/02/2004 1 46.75 06/08/2019 Book